Vista normal
Vista MARC
Entrada Nombre de reunión
Número de registros utilizados en: 1
001 - NÚMERO DE CONTROL
- campo de control: 83480
003 - IDENTIFICADOR DEL NÚMERO DE CONTROL
- campo de control: DO-SdBNP
005 - FECHA Y HORA DE LA ÚLTIMA TRANSACCIÓN
- campo de control: 20230531130426.0
008 - DATOS DE LONGITUD FIJA
- campo de control de longitud fija: 230531|| aca||aabn | a|a d
040 ## - FUENTE DE LA CATALOGACIÓN
- Centro catalogador/agencia de origen: DO-SdBNP
- Centro/agencia transcriptor: DO-SdBNP
111 ## - ENCABEZAMIENTO--NOMBRE DE CONGRESO/REUNIÓN
- Nombre de congreso/reunión o jurisdicción como elemento de entrada: Asociación Latinoamericana de Instituciones Financieras
- Sede del congreso/Lugar de la reunión: Asamblea General. Reunión Ordinaria
- Fecha del congreso/reunión: (1979
670 ## - FUENTE DE DATOS ENCONTRADOS
- Cita de la fuente: Work cat.: (DO-SdBNP)53660: 23790, Nuevos enfoques de la banca de fomento para la década del ochenta
